Statistics for Arsenal scorers in Premier League 2014-2015

Click here to take the quiz!

General Stats

  • This quiz has been taken 303 times
    (265 since last reset)
  • The average score is 11 of 15

Answer Stats

PlayerGoals% Correct
Olivier Giroud14
98%
Alexis Sanchez16
97%
Aaron Ramsey6
93%
Theo Walcott5
93%
Mesut Özil4
93%
Santiago Cazorla7
85%
Laurent Koscielny3
81%
Jack Wilshere2
77%
Hector Bellerin2
75%
Danny Welbeck4
74%
Alex Oxlade--Chamberlain1
67%
Mathieu Flamini1
52%
Tomas Rosicky2
50%
Calum Chambers1
48%
Mathieu Debuchy1
48%

Score Distribution

Percentile by Number Answered

Percent of People with Each Score

Your Score History

You have not taken this quiz since the last reset